Ganegama saranmakara hamuduruvo

Saved in:
Bibliographic Details
Main Author: Palihapitiya, Ranjith Amarakeerthi
Format: Book
Published: Ratmalana Sarvodaya Visvalekha 1987
Tags: Add Tag
No Tags, Be the first to tag this record!

MARC

LEADER 00000nam a2200000 a 4500
082 |a 922.943 
100 |a Palihapitiya, Ranjith Amarakeerthi 
245 |a Ganegama saranmakara hamuduruvo 
260 |a Ratmalana  |b Sarvodaya Visvalekha  |c 1987 
300 |a ill 20cm. 
942 |c AFW 
999 |c 68694  |d 68694